| 000 | 00712nam a22002177a 4500 | ||
|---|---|---|---|
| 003 | OSt | ||
| 005 | 20251215063212.0 | ||
| 008 | 251215b |||||||| |||| 00| 0 eng d | ||
| 020 | _a9971-51-3056 | ||
| 040 |
_aDWC-Main lib _cOC |
||
| 082 |
_24th edition _aCirc. 621.382 H419 2001 |
||
| 100 | _aHaykin, S. | ||
| 245 |
_aCommunication systems _cHaykin, Simon |
||
| 250 | _a4th edition | ||
| 260 |
_aNew York : _bJohn wiley & Sons, Inc., _cc2001 |
||
| 300 |
_axviii, 816 pages ; _c 25 cm. |
||
| 504 | _aIncludes index | ||
| 650 | _2Signal theory (Telecommunication). | ||
| 650 | _2Telecommunication. | ||
| 942 |
_2ddc _cBK-CIRC _e4th edition _hCirc. 621.382 H419 2001 _kCirc. _n0 |
||
| 999 |
_c7077 _d7077 |
||